000 00870cab a2200241 4500
001 ABS56221
008 090401t1996 xxu||||| |||| 00| 0 eng d
035 _a(Sirsi) u22010
041 _aeng
100 _aMurphy, G.
245 4 _aThe Housing Act 1996: ignore this at your peril
260 _c1996
350 _a0
490 _aValuer (ISVA)
_v65(6) November/December 1996, 12-13(2)
520 _aThe Housing Act 1996 makes it a criminal offence and imposes penalties for a landlord who sells certain properties without offering the tenants the right of first refusal. Flow chart and questionnaire to determine whether the Act applies.
650 _aHOUSING ACT 1996
650 _aLANDLORD AND TENANT ACT 1987 S5B
650 _aRIGHT OF FIRST REFUSAL
690 _aHOUSING
690 _aPROPERTY-LANDLORD AND TENANT
942 _n0
948 _c04/03/1997
999 _c14741
_d14741